Một số vấn đề trong dạy học địa lý ở trường phổ thông

Những kiến thức cơ bản trong dạy học địa lí. Vấn đề tư duy địa lí và phương pháp phát triển tư duy địa lí - giảng dạy địa lí tự nhiên, địa lí kinh tế, địa lí kinh tế - xã hội ở trung học phổ thông, giảng dạy địa lí địa phương ở trường phổ thông và thiết kế bài giảng trong dạy môn địa lí...

Full beskrivning

Sparad:
Bibliografiska uppgifter
Huvudupphovsman: Nguyễn Trọng Phúc
Materialtyp: Bok
Språk:Vietnamese
Publicerad: H. Đại học Quốc gia Hà Nội 2004
Ämnen:
Taggar: Lägg till en tagg
Inga taggar, Lägg till första taggen!
Thư viện lưu trữ: Mạng thư viện Đại học Đà Nẵng
LEADER 01610nam a2200361 4500
001 000006436
003 2591
005 20120524140526.0
008 110909s2004 viesd
020 |c 22000đ 
041 0 |a vie 
082 |a 910.712  |b NG-P 
100 0 |a Nguyễn Trọng Phúc 
245 0 |a Một số vấn đề trong dạy học địa lý ở trường phổ thông  |c Nguyễn Trọng Phúc 
260 |a H.  |b Đại học Quốc gia Hà Nội  |c 2004 
300 |a 259 tr  |b minh họa  |c 21 cm 
504 |a Thư mục: tr. 259 
520 |a Những kiến thức cơ bản trong dạy học địa lí. Vấn đề tư duy địa lí và phương pháp phát triển tư duy địa lí - giảng dạy địa lí tự nhiên, địa lí kinh tế, địa lí kinh tế - xã hội ở trung học phổ thông, giảng dạy địa lí địa phương ở trường phổ thông và thiết kế bài giảng trong dạy môn địa lí 
653 |a Địa lí 
653 |a Phương pháp giảng dạy 
653 |a Sách giáo viên 
700 |a Nguyễn Trọng Phúc 
910 |a Nguyễn Thị Kim Oanh  |d 09/09/2011 
OWN |a LSP 
AVA |a UDN50  |b LSP  |d 910.712 NG-P  |e available  |t Error 5001 Not defined in file expand_doc_bib_avail.  |f 10  |g 0  |h N  |i 0  |k 1 
999 |a From the UDN01 
AVA |a UDN50  |b LSP  |d 910.712 NG-P  |e available  |t Error 5001 Not defined in file expand_doc_bib_avail.  |f 10  |g 0  |h N  |i 0  |k 1 
TYP |a Monograph 
TYP |a Printed language 
980 |a Mạng thư viện Đại học Đà Nẵng